书目信息 |
| 题名: |
煤炭工程建设施工机械台班费用定额及编制说明
|
|
| 作者: | ;能源部 制订 | |
| 分册: | ||
| 出版信息: | 北京 煤炭工业出版社 1990.10 |
|
| 页数: | 212页 | |
| 开本: | 13×19厘米 | |
| 丛书名: | ||
| 单 册: | ||
| 中图分类: | F407.2 | |
| 科图分类: | ||
| 主题词: | 煤炭工业-工程机械-费用-工时定额--中国 , 费用-工程机械-煤炭工业-工时定额--中国 , 工时定额-工程机械-费用-煤炭工业--中国 , 工程机械-煤炭工业-费用-工时定额--中国 | |
| 电子资源: | ||
| ISBN: | 7-5020-0487-4 | |
| 000 | 00958nam0 2200253 45 | |
| 001 | 0191029810 | |
| 005 | 20060809172305.20 | |
| 010 | @a7-5020-0487-4@dCNY3.25 | |
| 100 | @a19911215d1990 em y0chiy0121 ea | |
| 101 | 0 | @achi |
| 102 | @aCN@b110000 | |
| 105 | @ay z 000yy | |
| 200 | 10 | @a煤炭工程建设施工机械台班费用定额及编制说明@AMEI TAN GONG CHENG JIAN SHE SHI GONG JI XIE TAI BAN FEI YONG DING E JI BIAN ZHI SHUO MING@f中华人民共和国能源部制订@FZHONG HUA REN MIN GONG HE GUO NENG YUAN BU ZHI DING |
| 210 | @a北京@c煤炭工业出版社@d1990.10 | |
| 215 | @a212页@d13×19厘米 | |
| 540 | 1 | @a煤炭 建筑@AMEI TAN JIAN ZHU |
| 606 | @a煤炭工业-工程机械-费用-工时定额@y中国 | |
| 606 | @a费用-工程机械-煤炭工业-工时定额@y中国 | |
| 606 | @a工时定额-工程机械-费用-煤炭工业@y中国 | |
| 606 | @a工程机械-煤炭工业-费用-工时定额@y中国 | |
| 690 | @aF407.2@v3 | |
| 711 | 02 | @a能源部@ANENG YUAN BU@4制订 |
| 801 | 0 | @aCN@bTSSF@c20060809 |
| 905 | @a10447@dF407.2@e157 | |
| 煤炭工程建设施工机械台班费用定额及编制说明/中华人民共和国能源部制订.-北京:煤炭工业出版社,1990.10 |
| 212页;13×19厘米 |
| ISBN 7-5020-0487-4:CNY3.25 |
| ● |
| 相关链接 |
|
|
|
|
正题名:煤炭工程建设施工机械台班费用定额及编制说明
索取号:F407.2/157
 
预约/预借
| 序号 | 登录号 | 条形码 | 馆藏地/架位号 | 状态 | 备注 |
| 1 | 0448167 | 204481676 | 密集书库/ [索取号:F407.2/157] | 在馆 | |
| 2 | 0448168 | 204481685 | 密集书库/ [索取号:F407.2/157] | 在馆 |